00342nam a22001217a 450000500170000000800410001704000130005808200230007110000210009424500630011526000310017830000110020920160201102736.0160201b xxu||||| |||| 00| 0 eng d cPK-LaUMT aAMC 954.915bMIR-S aMir Khuda bakhsh aSearchlights on Baloches and balochistancMir Khuda bakhsh aKarachibRoyal booksc1974 a383 p.